000 00805cam a22002531 4500
001 ca 32000249
003 DLC
005 20260227111126.0
008 880523s1932 pl 000 0 pol
010 _aca 32000249
035 _a(OCoLC)17990514
040 _aDLC
_cMiDW
_dMiDW
_dDLC
042 _apremarc
050 0 0 _aE169
_b.G29
082 _a917.3
100 1 _aGąsiorowski, Wacław,
_d1869-1939.
245 1 0 _aNowa Kolchida ...
260 _aWarszawa,
_bDom książki polskiej, spółka akcyjna,
_c1932.
300 _a324, [2] p.
_c21 cm.
500 _aAt head of title: Wacław Gąsiorowski (Wiesław Sclavus)
500 _a"Odbito 2200 egzemplarzy numerowanych. No. 914."
651 0 _aUnited States
_xSocial conditions
_y1918-1932.
650 0 _aLabor and laboring classes
_zUnited States.
999 _c16909
_d16909